00819nam a2200181 i 4500001000700000003000900007005001700016008004100033100002500074245005900099260003300158300004200191490004900233500003600282505018800318830004900506852008200555167795ES-MaACL20250716063331.0050928s1769 sz af |||| | fre d0 aVoltaire,d1694-177810aThéâtre complet de M. de Voltaire b: tome second. aGéneve : b[s.n.], c1769. a[2], 502 p., [5] h. de grab. ; c4º.1 aCollection complette de M. de Voltaire ; v2 aDatos tomados de BN Opale-plus.8 aContiene: ; tMérope (p. 27-112) ; tLe fanatisme ou Mahomet le prophète (p. 113-208) ; tSemiramis (p. 209-300) ; tOreste (p. 301-430) ; tCatilina ou Rome sauvée (p. 431-500)0 aCollection complette de M. de Voltaire ; v2 aES-MaACLjR-757-60 z- Enc. hol. q- Falto de port.? x Olim: G-6597-600